[Event "FRA-chT Top 12 2019"]
[Site "Brest"]
[Date "2019.05.24"]
[Round "7.8"]
[White "Sebag, Marie"]
[Black "Gras, Delphine"]
[Result "*"]
[WhiteElo "2476"]
[BlackElo "1835"]
[Annotator "RC"]
[PlyCount "83"]
[EventDate "2019.05.18"]
[EventType "team-tourn"]
[EventCountry "FRA"]
[SourceTitle "playchess.com"]
[Source "ChessBase"]
[SourceQuality "1"]
[TimeControl "40/5400+30:1800+30"]

1. e4 c6 2. d4 d5 {[%emt 0:00:00]} 3. e5 {[%emt 0:00:00]} Bf5 {[%emt 0:00:00]} 4. Nf3 {[%emt 0:00:00]} e6 {[%emt 0:00:00]} 5. Be2 {[%emt 0:00:00]} Bb4+ {[%emt 0:00:00]} 6. c3 {[%emt 0:01:42]} Ba5 {[%emt 0:00:04]} 7. O-O {[%emt 0:00:26]} Nd7 {[%emt 0:00:04]} 8. Nbd2 {[%emt 0:01:34]} Bc7 {[%emt 0:00:28]} 9. Re1 {[%emt 0:00:53]} Ne7 {[%emt 0:00:11]} 10. Nf1 {[%emt 0:03:38]} O-O {[%emt 0:02:06]} 11. Ng3 {[%emt 0:00:42]} f6 {[%emt 0:02:24]} 12. exf6 {[%emt 0:18:10]} Nxf6 {[%emt 0:01:11]} 13. Nxf5 {[%emt 0:10:00]} Nxf5 {[%emt 0:00:18]} 14. Bd3 {[%emt 0:03:29]} Qd6 {[%emt 0:14:01]} 15. g3 {[%emt 0:03:51]} Rae8 {[%emt 0:04:42]} 16. Bf4 {[%emt 0:09:41]} Qd7 {[%emt 0:04:52]} 17. Ne5 {[%emt 0:00:41]} Qd8 {[%emt 0:01:34]} 18. Qc2 {[%emt 0:03:33]} Nd7 {[%emt 0:20:03]} 19. Nxd7 {[%emt 0:11:27]} Qxd7 {[%emt 0:00:16]} 20. Bxc7 {[%emt 0:00:48]} Qxc7 {[%emt 0:00:44]} 21. Re5 {[%emt 0:01:13]} g6 {[%emt 0:04:20]} 22. Rae1 {[%emt 0:00:30]} Qf7 {[%emt 0:03:50]} 23. f4 {[%emt 0:01:21]} b5 {[%emt 0:03:48]} 24. Bxf5 {[%emt 0:02:18]} exf5 {[%emt 0:00:31]} 25. Qe2 {[%emt 0:00:14]} Rxe5 {[%emt 0:01:05]} 26. Qxe5 {[%emt 0:00:05]} Qd7 {[%emt 0:06:08]} 27. Qe6+ {[%emt 0:10:21]} Rf7 {[%emt 0:01:43]} 28. Qxd7 {[%emt 0:00:38]} Rxd7 {[%emt 0:00:01]} 29. Re8+ {[%emt 0:00:10]} Kf7 {[%emt 0:03:41]} 30. Rc8 {[%emt 0:00:51]} a5 {[%emt 0:02:14]} 31. Rxc6 {[%emt 0:00:23]} b4 {[%emt 0:00:26]} 32. Ra6 {[%emt 0:09:08]} bxc3 {[%emt 0:04:15]} 33. bxc3 {[%emt 0:00:04]} Rc7 {[%emt 0:00:22]} 34. Rxa5 {[%emt 0:00:20]} Rxc3 {[%emt 0:00:09]} 35. Rxd5 {[%emt 0:00:07]} Rc1+ {[%emt 0:03:00]} 36. Kf2 {[%emt 0:00:50]} Rc2+ {[%emt 0:00:07]} 37. Ke3 {[%emt 0:00:05]} Rxa2 {[%emt 0:00:22]} 38. Rd7+ {[%emt 0:00:13]} Kg8 {[%emt 0:02:42]} 39. d5 {[%emt 0:03:11]} Rxh2 {[%emt 0:00:20]} 40. d6 {[%emt 0:00:46]} Rg2 {[%emt 0:09:52]} 41. Rc7 {[%emt 0:33:03]} Kf8 {[%emt 0:35:52]} 42. Rc8+ {[%emt 0:00:47] Rh2} *

[Event "FRA-chT Top 12 2019"]
[Site "Brest"]
[Date "2019.05.24"]
[Round "7.8"]
[White "Steil-Antoni, Fiona"]
[Black "Bolon, Karelle"]
[Result "1-0"]
[WhiteElo "2156"]
[BlackElo "2018"]
[Annotator "NA RC"]
[PlyCount "100"]
[EventDate "2019.05.18"]
[EventType "team-tourn"]
[EventCountry "FRA"]
[SourceTitle "playchess.com"]
[Source "ChessBase"]
[SourceQuality "1"]
[TimeControl "40/5400+30:1800+30"]

1. e4 {[%emt 0:00:00]} c5 {[%emt 0:00:00]} 2. c3 {[%emt 0:00:00]} e6 {[%emt 0:00:19]} 3. d4 {[%emt 0:01:26]} d5 {[%emt 0:00:16]} 4. exd5 {[%emt 0:00:51]} exd5 {[%emt 0:00:08]} 5. Nf3 {[%emt 0:00:58]} Nc6 {[%emt 0:00:17]} 6. Be3 {[%emt 0:02:20]} c4 {[%emt 0:00:48]} 7. b4 {[%emt 0:06:42]} Bd6 {[%emt 0:09:35]} 8. g3 {[%emt 0:03:33]} Nf6 {[%emt 0:01:08]} 9. Bg2 {[%emt 0:01:03]} O-O {[%emt 0:02:52]} 10. O-O {[%emt 0:01:44]} Bf5 {[%emt 0:02:28]} 11. Nbd2 {[%emt 0:04:28]} Ng4 {[%emt 0:15:12]} 12. Re1 {[%emt 0:04:10]} Re8 {[%emt 0:11:12]} 13. Nh4 {[%emt 0:03:26]} Be6 {[%emt 0:01:27]} 14. Nf1 {[%emt 0:10:31]} Ne7 {[%emt 0:01:10]} 15. h3 {[%emt 0:02:20]} Nf6 {[%emt 0:01:33]} 16. Qc2 {[%emt 0:06:11]} Qd7 {[%emt 0:03:39]} 17. Kh2 {[%emt 0:05:14]} Nf5 {[%emt 0:01:39]} 18. Nf3 {[%emt 0:02:22]} Qc7 {[%emt 0:07:46]} 19. Ne5 {[%emt 0:05:06]} Nd7 {[%emt 0:01:58]} 20. f4 {[%emt 0:02:22]} f6 {[%emt 0:01:14]} 21. Nxd7 {[%emt 0:00:59]} Qxd7 {[%emt 0:00:30]} 22. Bf2 {[%emt 0:01:09]} Bc7 {[%emt 0:06:02]} 23. Re2 {[%emt 0:06:23]} Bf7 {[%emt 0:02:26]} 24. Rae1 {[%emt 0:02:17]} Rxe2 {[%emt 0:00:54]} 25. Rxe2 {[%emt 0:00:03]} b5 {[%emt 0:04:15]} 26. Bf3 {[%emt 0:05:23]} h5 {[%emt 0:01:06]} 27. Kg2 {[%emt 0:01:41]} g6 {[%emt 0:02:29]} 28. g4 {[%emt 0:07:24]} hxg4 {[%emt 0:02:44]} 29. hxg4 {[%emt 0:00:02]} Nh6 {[%emt 0:02:24]} 30. Ne3 {[%emt 0:03:53]} Bxf4 {[%emt 0:00:59]} 31. Nxd5 {[%emt 0:01:56]} Bxd5 {[%emt 0:05:19]} 32. Qxg6+ {[%emt 0:00:03]} Kf8 {[%emt 0:00:14]} 33. Qxf6+ {[%emt 0:00:25]} Qf7 {[%emt 0:00:08]} 34. Qxf7+ {[%emt 0:01:22]} Bxf7 {[%emt 0:02:18]} 35. Bxa8 {[%emt 0:00:18]} Nxg4 {[%emt 0:00:06]} 36. Re4 {[%emt 0:07:13]} Nxf2 {[%emt 0:01:16]} 37. Rxf4 {[%emt 0:00:04]} Nd3 {[%emt 0:00:07]} 38. Rf6 {[%emt 0:01:24]} Ke7 {[%emt 0:00:23]} 39. Ra6 {[%emt 0:00:30]} Nf4+ {[%emt 0:02:39]} 40. Kf3 {[%emt 0:00:27]} Ne6 {[%emt 0:00:47]} 41. Rxa7+ {[%emt 0:30:46]} Kd6 {[%emt 0:30:52]} 42. Ke3 {[%emt 0:00:00]} Nc7 {[%emt 0:00:00]} 43. Be4 {[%emt 0:00:00]} Be8 {[%emt 0:00:00]} 44. Rb7 {[%emt 0:00:00]} Bd7 {[%emt 0:00:00]} 45. Rb6+ {[%emt 0:00:00]} Ke7 {[%emt 0:00:00]} 46. Kf4 {[%emt 0:00:00]} Ne8 {[%emt 0:00:00]} 47. Bf5 {[%emt 0:00:00]} Bxf5 {[%emt 0:00:00]} 48. Kxf5 {[%emt 0:00:00]} Nc7 {[%emt 0:00:00]} 49. Rb7 {[%emt 0:00:00]} Kd6 {[%emt 0:00:00]} 50. Rxc7 {[%emt 0:00:00]} Kd5 {Ke4+} 1-0

[Event "FRA-chT Top 12 2019"]
[Site "Brest"]
[Date "2019.05.24"]
[Round "7.8"]
[White "De Seroux, Camille"]
[Black "Riff, Vincent"]
[Result "0-1"]
[WhiteElo "2143"]
[BlackElo "2399"]
[Annotator "TA"]
[PlyCount "78"]
[EventDate "2019.05.18"]
[EventType "team-tourn"]
[EventCountry "FRA"]
[SourceTitle "playchess.com"]
[Source "ChessBase"]
[SourceQuality "1"]

{[%evp 19,102,-4,-20,-16,0,-6,0,-21,-11,-41,-44,-40,-37,-51,-33,-35,-27,-30,-22,-86,-2,-29,-17,-42,-12,-55,-7,-9,-20,-30,-26,-91,-89,-116,-35,-77,-78,-85,-85,-87,-89,-302,-127,-139,-150,-135,-139,-152,-120,-217,-202,-204,-218,-208,-200,-208,-183,-258,-223,-255,-252,-210,-242,-205,-195,-240,-206,-348,-313,-535,-535,-695,-682,-700,-695,-693,-693,-686,-677,-785,-774,-1160,-1011,-1156,-1075]} 1. e4 c5 2. Nc3 Nc6 3. Nge2 g6 4. g3 Bg7 5. Bg2 d6 6. d3 e6 7. O-O Nge7 8. Be3 Nd4 9. f4 Nec6 10. Qd2 O-O 11. Nd1 {B26: Closed Sicilian: 3 g3, lines with early Be3} Nxe2+ 12. Qxe2 b6 13. g4 {The position is equal.} d5 $146 ({Predecessor:} 13... Bb7 14. Qf2 f5 15. gxf5 exf5 16. exf5 Rxf5 17. Be4 Rf8 18. Qg2 Rc8 {1-0 (42) Cao,S (2420)-Gardner,R (2185) Budapest 1995}) 14. e5 f6 15. exf6 Qxf6 16. c3 Bd7 17. Nf2 Rae8 18. Rae1 Kh8 19. Qd1 {[#]} (19. Qf3 $11) 19... Qh4 (19... e5 $1 $17 {[%cal Re5f4]} 20. f5 gxf5 21. gxf5 Ne7) 20. d4 cxd4 21. cxd4 Na5 22. Nd3 Nc4 23. Bf2 Qd8 24. h3 Nd6 25. Qc2 (25. Be3 $11 {remains equal.}) 25... Bb5 $17 26. Be3 Ne4 (26... Qc8 $17 27. Qxc8 Rxc8) 27. Rf3 Qc8 $36 {[%mdl 2048] Black has strong initiative.} 28. Qd1 Qc4 29. Ne5 Qxa2 30. b3 $2 (30. Bc1 $17 {was the only chance.}) 30... Nc3 (30... Rc8 $19 {Strongly threatening ...Rc2.} 31. Bf1 Bxf1 32. Rfxf1 Rc2) 31. Qa1 Qxa1 ({Of course not} 31... Qxb3 $6 32. Bd2 $11) 32. Rxa1 a5 33. Rf2 Rc8 {Hoping for ...Ne2+.} 34. Kh2 (34. Re1 $17 {is a better defense.}) 34... Ne4 $19 35. Rb2 Rc3 36. Re1 Rfc8 37. Bxe4 dxe4 38. Nf7+ Kg8 39. Ng5 {[#]} Bc6 {Played: Rc3xe3} 0-1

[Event "FRA-chT Top 12 2019"]
[Site "Brest"]
[Date "2019.05.24"]
[Round "7.8"]
[White "Van Hoolandt, Patrick"]
[Black "Monpeurt, Cyrielle"]
[Result "1-0"]
[WhiteElo "2127"]
[BlackElo "2166"]
[Annotator "TA"]
[PlyCount "47"]
[EventDate "2019.05.18"]
[EventType "team-tourn"]
[EventCountry "FRA"]
[SourceTitle "playchess.com"]
[Source "ChessBase"]
[SourceQuality "1"]

{[%evp 13,47,35,37,-1,45,47,53,50,47,17,20,18,26,20,188,199,265,281,286,287,705,708,765,727,745,735,854,817,812,813,1170,1173,1151,1143,6054,5435]} 1. d4 Nf6 2. c4 e6 3. Nf3 c5 4. d5 b5 5. dxe6 fxe6 6. cxb5 d5 7. Bg5 Be7 8. Nbd2 {E10: Blumenfeld Gambit} (8. e3 O-O 9. Nc3 Nbd7 10. Bd3 Bb7 11. O-O Qe8 12. Qe2 Bd6 13. Bh4 Qh5 14. Bg3 Bxg3 15. fxg3 e5 {1-0 (55) Kortschnoj,V (2557)-Venkatesh,M (2455) San Sebastian 2011}) 8... Bb7 9. e3 O-O 10. Be2 {White is slightly better.} Nbd7 11. Bf4 $146 ({Predecessor:} 11. O-O Kh8 12. a4 e5 13. a5 Rc8 14. Bxf6 gxf6 {0-1 (38) Sjoberg,M (2435)-Belotelov,D Sollentuna 1995}) 11... Nh5 12. Bg3 Nxg3 13. hxg3 e5 $2 {[#]} (13... g6 $11 {and Black is okay.}) 14. e4 $1 $18 {[%mdl 512]} dxe4 (14... g6 {keeps fighting.}) 15. Bc4+ Kh8 {[#]} 16. Nxe5 $1 {[%cal Re5g6][%mdl 512]} Qe8 $2 ({Not} 16... Nxe5 {[#]} 17. Rxh7+ $1 {[%mdl 512]} Kxh7 18. Qh5#) (16... h6 17. Ng6+ {[%mdl 64] Double Attack} Kh7) 17. Nxd7 {White is clearly winning.} Bg5 18. Nxf8 Qxf8 19. Qc2 Rd8 {[#]} 20. Nf3 $1 Bf6 (20... exf3 21. Rxh7#) 21. Rd1 Re8 22. Nh4 Bxh4 23. Rxh4 h6 24. Rd7 {Accuracy: White = 70%, Black = 21%.} 1-0

[Event "FRA-chT Top 12 2019"]
[Site "Brest"]
[Date "2019.05.24"]
[Round "7.8"]
[White "Haussernot, Cecile"]
[Black "Skripchenko, Almira"]
[Result "1/2-1/2"]
[WhiteElo "2097"]
[BlackElo "2406"]
[Annotator "RC"]
[PlyCount "33"]
[EventDate "2019.05.18"]
[EventType "team-tourn"]
[EventCountry "FRA"]
[SourceTitle "playchess.com"]
[Source "ChessBase"]
[SourceQuality "1"]
[TimeControl "40/5400+30:1800+30"]

1. e4 {[%emt 0:00:00]} Nc6 {[%emt 0:00:00]} 2. Nf3 {[%emt 0:01:22]} d6 {[%emt 0:00:00]} 3. h3 {[%emt 0:16:03]} Nf6 {[%emt 0:04:06]} 4. Nc3 {[%emt 0:03:51]} g6 {[%emt 0:00:07]} 5. d4 {[%emt 0:02:11]} Bg7 {[%emt 0:00:06]} 6. Be3 {[%emt 0:00:17]} O-O {[%emt 0:00:34]} 7. Qd2 {[%emt 0:03:04]} e5 {[%emt 0:01:53]} 8. O-O-O {[%emt 0:06:31]} exd4 {[%emt 0:08:39]} 9. Nxd4 {[%emt 0:00:12]} Re8 {[%emt 0:00:11]} 10. f3 {[%emt 0:14:14]} Nxd4 {[%emt 0:30:44]} 11. Bxd4 {[%emt 0:00:11]} a6 {[%emt 0:00:20]} 12. g4 {[%emt 0:08:12]} b5 {[%emt 0:05:22]} 13. g5 {[%emt 0:12:27]} Nh5 {[%emt 0:00:21]} 14. Bxg7 {[%emt 0:00:37]} Kxg7 {[%emt 0:00:06]} 15. Rg1 {[%emt 0:08:41]} Bb7 {[%emt 0:03:02]} 16. Be2 b4 17. Qd4+ 1/2-1/2

[Event "FRA-chT Top 12 2019"]
[Site "Brest"]
[Date "2019.05.24"]
[Round "7.8"]
[White "Fruteau, Sabine"]
[Black "Mouhamad, Joachin"]
[Result "0-1"]
[WhiteElo "2015"]
[BlackElo "2332"]
[Annotator "NA RC"]
[PlyCount "68"]
[EventDate "2019.05.18"]
[EventType "team-tourn"]
[EventCountry "FRA"]
[SourceTitle "playchess.com"]
[Source "ChessBase"]
[SourceQuality "1"]
[TimeControl "40/5400+30:1800+30"]

1. e4 {[%emt 0:00:00]} c5 {[%emt 0:00:00]} 2. Nf3 {[%emt 0:00:00]} e6 {[%emt 0:00:00]} 3. d4 {[%emt 0:00:18]} cxd4 {[%emt 0:00:00]} 4. Nxd4 {[%emt 0:00:08]} Nc6 {[%emt 0:00:28]} 5. Nc3 {[%emt 0:05:11]} d6 {[%emt 0:00:34]} 6. Nb3 {[%emt 0:05:53] B54: Sicilian: 2...d6 3 d4 cxd4 4 Nxd4, Unusual Lines} (6. Be3 Nf6 7. f3 Be7 8. Qd2 O-O 9. O-O-O d5 10. Be2 dxe4 11. Nxc6 bxc6 12. Qxd8 Bxd8 13. Nxe4 Nxe4 14. fxe4 Bb6 15. Bxb6 axb6 16. a3 Ba6 17. Bxa6 Rxa6 18. Rd6 {1-0 (78) Saric,I (2689)-Korobov,A (2685) Biograd 2018}) 6... a6 {[%emt 0:01:17]} 7. a4 {[%emt 0:03:16]} Nf6 {[%emt 0:02:56]} 8. Bd3 {[%emt 0:00:06]} Be7 {[%emt 0:01:03]} 9. O-O {[%emt 0:00:14]} O-O {[%emt 0:00:08]} 10. Bg5 {[%emt 0:07:40]} b6 {[%emt 0:10:10]} 11. f4 {[%emt 0:03:10]} Bb7 $146 {[%emt 0:01:18]} ({Predecessor:} 11... Nd7 12. Bxe7 Qxe7 13. f5 Nde5 14. f6 gxf6 15. Qh5 Kh8 {0-1 (30) Rosa,L (1807)-Carneiro,V (2084) Americana 2012}) 12. Qe1 {[%emt 0:05:07]} Nd7 {[%emt 0:05:12]} 13. Bxe7 {[%emt 0:01:41]} Qxe7 {[%emt 0:01:52]} 14. Rd1 {[%emt 0:00:06]} Rac8 {[%emt 0:01:35]} 15. Ne2 {[%emt 0:07:14]} Rfd8 {[%emt 0:02:34]} 16. c3 {[%emt 0:01:31]} Na5 {[%emt 0:24:19]} 17. Nd2 {[%emt 0:13:56]} g6 {[%emt 0:15:21]} 18. b4 {[%emt 0:04:24]} Nc6 {[%emt 0:00:24]} 19. Qf2 {[%emt 0:01:24]} a5 {[%emt 0:05:02]} 20. Rb1 {[%emt 0:10:38]} axb4 {[%emt 0:01:29]} 21. cxb4 {[%emt 0:00:06]} d5 {[%emt 0:00:49]} 22. exd5 {[%emt 0:10:16]} Nxb4 $19 {[%emt 0:00:36] Double Attack} 23. Bb5 {[%emt 0:01:02]} Nxd5 {[%emt 0:01:02]} 24. Nc4 {[%emt 0:02:00]} Nc5 {[%emt 0:02:34]} 25. Ne5 {[%emt 0:04:27]} Ne4 {[%emt 0:00:58]} 26. Qd4 {[%emt 0:00:09]} Ndc3 {[%emt 0:10:24]} 27. Qxb6 {[%emt 0:00:57]} Nxb1 {[%emt 0:00:21]} 28. Rxb1 {[%emt 0:01:21]} Qb4 {[%emt 0:04:01]} 29. Rf1 {[%emt 0:00:42]} Qc5+ {[%emt 0:00:50]} 30. Qxc5 {[%emt 0:00:11]} Rxc5 {[%emt 0:00:35]} 31. Nf3 {[%emt 0:07:01]} Nd2 {[%emt 0:00:46]} 32. Nxd2 {[%emt 0:00:56]} Rxd2 {[%emt 0:00:04]} 33. Rb1 {[%emt 0:00:50]} Be4 {[%emt 0:00:48]} 34. Rb3 {[%emt 0:00:31]} Rxb5 {[%emt 0:01:41]} 0-1

[Event "FRA-chT Top 12 2019"]
[Site "Brest"]
[Date "2019.05.25"]
[Round "8.1"]
[White "Rodshtein, Maxim"]
[Black "Amin, Bassem"]
[Result "1-0"]
[WhiteElo "2699"]
[BlackElo "2704"]
[Annotator "TA"]
[PlyCount "81"]
[EventDate "2019.05.18"]
[EventType "team-tourn"]
[EventCountry "FRA"]
[SourceTitle "playchess.com"]
[Source "ChessBase"]
[SourceQuality "1"]

{[%evp 12,81,11,-3,0,0,1,0,10,15,18,15,25,5,14,22,13,13,10,6,6,10,6,4,6,4,11,15,0,0,7,3,29,26,29,20,31,29,27,18,16,25,21,22,21,40,97,95,110,101,112,108,103,102,152,75,137,137,583,582,562,568,696,64,696,696,696,681,912,614,610,531]} 1. c4 e5 2. Nc3 Nc6 3. g3 f5 4. Bg2 Nf6 5. d3 Bb4 6. Bd2 O-O 7. Nd5 Bxd2+ {A25: English Opening vs King's Indian with ...Nc6 but without early d3} 8. Qxd2 d6 9. e3 (9. Nh3 f4 10. Ng5 h6 11. Nxf6+ Qxf6 12. Ne4 Qg6 13. O-O-O Nd4 14. e3 f3 15. Bf1 {0-1 (41) Sonis,F (2440)-Sasikiran,K (2688) Helsingor 2017}) 9... Be6 {The position is equal.} 10. Ne2 Bxd5 11. cxd5 Ne7 12. e4 c6 $146 ({Predecessor:} 12... Nh5 13. exf5 Nf6 14. Qb4 Nfxd5 15. Qxb7 {1-0 (35) Zlatanovic,B (2398)-Vucinic,G (2343) Kragujevac 2014}) 13. dxc6 bxc6 14. O-O Qb6 15. Rac1 Rab8 16. b3 c5 17. Rc4 {[%cal Bc1c4,Bc4a4,Ba4a5,Ba5c5,Bc5c7][%mdl 32]} fxe4 18. dxe4 Nc6 19. Nc3 Nd4 20. f4 Qa5 {Black wants to play ...Nd7.} 21. Kh1 Nd7 {Strongly threatening ...Nb6.} 22. Ra4 Qc7 23. Nd5 $36 {[%mdl 2048] White fights for an advantage.} Qb7 24. Ne7+ Kh8 {And now ...Nb6 would win.} 25. Nf5 $1 Nb6 26. Ra5 Qc7 27. fxe5 dxe5 28. Rc1 {Nxd4 is the strong threat.} Rbd8 (28... Nd7 $14) 29. Raxc5 $16 Nxf5 30. Rxc7 Rxd2 31. exf5 Rxa2 32. Re7 Rb2 33. Be4 (33. Rxe5 Rxb3 34. Ra5 h6 $16) ({White should try} 33. h4) 33... Re2 (33... Rd8 $142) 34. Bd3 Rd2 $2 {[%mdl 8192] [#]} (34... Rb2 $16 35. f6 gxf6) 35. f6 $1 $18 {[%cal Rf6g7]} gxf6 {[#]} 36. Bf5 $1 Nd5 37. Rxh7+ Kg8 38. Rd7 {White is clearly winning.} Kh8 39. Be6 e4 40. Rxd5 e3 41. Rxd2 {Accuracy: White = 88%, Black = 54%.} 1-0

[Event "FRA-chT Top 12 2019"]
[Site "Brest"]
[Date "2019.05.25"]
[Round "8.1"]
[White "Eljanov, Pavel"]
[Black "Harikrishna, Pentala"]
[Result "0-1"]
[WhiteElo "2661"]
[BlackElo "2730"]
[Annotator "TA"]
[PlyCount "74"]
[EventDate "2019.05.18"]
[EventType "team-tourn"]
[EventCountry "FRA"]
[SourceTitle "playchess.com"]
[Source "ChessBase"]
[SourceQuality "1"]

{[%evp 15,74,18,18,23,21,15,20,20,25,17,17,20,19,17,27,18,11,12,23,23,20,23,11,8,15,15,23,10,3,0,0,-64,-64,-59,-64,-70,-64,-61,-72,-143,-151,-152,-153,-295,-302,-291,-296,-302,-302,-300,-291,-282,-284,-286,-279,-352,-355,-739,-739,-608,-600]} 1. d4 d5 2. c4 e6 3. Nf3 Nf6 4. g3 Be7 5. Bg2 O-O 6. Nc3 dxc4 7. Ne5 c5 8. dxc5 Qxd1+ 9. Nxd1 {E06: Closed Catalan: Early deviations} Bxc5 10. Nc3 (10. Bd2 Nc6 11. Nxc4 Bd7 12. Nc3 Nd4 13. O-O Bc6 14. Be3 Bxg2 15. Kxg2 Rfc8 16. Rad1 Nf5 17. Bxc5 Rxc5 {½-½ (31) Rapport,R (2726)-Jakovenko,D (2719) Shenzhen 2019}) 10... Nc6 11. Nxc4 {The position is equal.} e5 12. O-O Be6 13. Bxc6 Bxc4 14. Bxb7 Rab8 15. Bg2 $146 ({Predecessor:} 15. Bf3 Bd4 16. Re1 Rfe8 17. e3 Bxc3 18. bxc3 e4 19. Be2 Rec8 20. Ba3 {½-½ (20) Scarella,E (2348)-Real de Azua,E (2378) Argentina 2006}) 15... Bd4 16. Re1 Rfd8 17. Na4 Rb4 18. e3 Rxa4 19. exd4 exd4 20. a3 Rb8 21. Re7 h6 22. Rc7 Be2 23. Rb7 (23. b4 $11) 23... Rxb7 $15 24. Bxb7 Rc4 {aiming for ...d3.} 25. Ba6 $1 {[%cal Ra6c4]} Rc2 26. Bxe2 Rxe2 {[%mdl 4096] Endgame KRB-KRN} 27. Kf1 ({White should try} 27. Bf4) 27... Rc2 $17 28. Bf4 Ng4 ({Don't take} 28... Rxb2 29. Be5 $15) 29. h3 (29. Rd1 $17 {was worth a try.}) 29... Nxf2 $19 30. Rc1 Rxb2 31. Rc8+ Kh7 32. Rc7 f6 ({Much less strong is} 32... Nxh3 33. Rxf7 Nxf4 34. gxf4 $19) 33. h4 a5 34. Rd7 Ng4 35. h5 Ra2 36. Bd6 $2 {[#]} (36. Bc7) 36... Ne3+ 37. Kg1 d3 {Accuracy: White = 47%, Black = 81%.} 0-1

[Event "FRA-chT Top 12 2019"]
[Site "Brest"]
[Date "2019.05.25"]
[Round "8.1"]
[White "Safarli, Eltaj"]
[Black "Velten, Paul"]
[Result "1-0"]
[WhiteElo "2624"]
[BlackElo "2507"]
[Annotator "ChessBase"]
[PlyCount "107"]
[EventDate "2019.05.18"]
[EventType "team-tourn"]
[EventCountry "FRA"]
[SourceTitle "playchess.com"]
[Source "ChessBase"]
[SourceQuality "1"]
[TimeControl "40/5400+30:1800+30"]

1. e4 {[%emt 0:00:15]} e5 {[%emt 0:00:03]} 2. Nf3 {[%emt 0:00:14]} Nc6 {[%emt 0:00:23]} 3. Bb5 {[%emt 0:00:04]} Nf6 {[%emt 0:01:19]} 4. O-O {[%emt 0:01:23]} Nxe4 {[%emt 0:06:54]} 5. d4 {[%emt 0:00:11]} Nd6 {[%emt 0:01:05]} 6. dxe5 {[%emt 0:00:30]} Nxb5 {[%emt 0:00:42]} 7. a4 {[%emt 0:00:05]} d6 {[%emt 0:00:39]} 8. e6 {[%emt 0:00:19]} fxe6 {[%emt 0:05:22]} 9. axb5 {[%emt 0:01:42]} Ne7 {[%emt 0:00:41]} 10. Nc3 {[%emt 0:04:39]} Ng6 {[%emt 0:03:26]} 11. Qd4 {[%emt 0:07:26]} a6 {[%emt 0:13:13]} 12. Bg5 {[%emt 0:03:47]} Be7 {[%emt 0:02:38]} 13. Bxe7 {[%emt 0:20:02]} Qxe7 {[%emt 0:01:05]} 14. Rfe1 {[%emt 0:00:20]} O-O {[%emt 0:02:07]} 15. b6 {[%emt 0:02:25]} c5 {[%emt 0:14:36]} 16. Qd2 {[%emt 0:06:01]} Qd8 {[%emt 0:21:45]} 17. Nb5 {[%emt 0:08:48]} Qxb6 {[%emt 0:01:01]} 18. Nxd6 {[%emt 0:00:05]} Qxb2 {[%emt 0:02:07]} 19. Ne4 {[%emt 0:14:33]} Qb6 {[%emt 0:01:19]} 20. Rad1 {[%emt 0:04:03]} Qc7 {[%emt 0:05:19]} 21. Qe3 {[%emt 0:04:22]} b6 {[%emt 0:01:04]} 22. Nd6 {[%emt 0:02:52]} Rd8 {[%emt 0:09:14]} 23. Qe4 {[%emt 0:05:24]} Rb8 {[%emt 0:00:21]} 24. Nxc8 {[%emt 0:05:55]} Rxd1 {[%emt 0:00:08]} 25. Rxd1 {[%emt 0:04:37]} Qxc8 {[%emt 0:00:06]} 26. h4 {[%emt 0:00:16]} Nf8 {[%emt 0:00:21]} 27. h5 {[%emt 0:00:46]} Qc7 {[%emt 0:00:14]} 28. h6 {[%emt 0:01:12]} gxh6 {[%emt 0:00:43]} 29. Ne5 {[%emt 0:00:13]} Re8 {[%emt 0:04:24]} 30. Rd3 {[%emt 0:00:04]} Re7 {[%emt 0:00:07]} 31. Rf3 {[%emt 0:00:58]} Rg7 {[%emt 0:00:50]} 32. Ng4 {[%emt 0:00:43]} Rg6 {[%emt 0:00:17]} 33. Nf6+ {[%emt 0:00:56]} Kh8 {[%emt 0:01:09]} 34. Ne8 {[%emt 0:00:57]} Qe7 {[%emt 0:00:18]} 35. Qe5+ {[%emt 0:00:24]} Kg8 {[%emt 0:00:05]} 36. Nf6+ {[%emt 0:00:12]} Rxf6 {[%emt 0:00:11]} 37. Rxf6 {[%emt 0:00:03]} Qg7 {[%emt 0:01:37]} 38. Qf4 {[%emt 0:00:16]} b5 {[%emt 0:00:46]} 39. Rxh6 {[%emt 0:01:47]} Ng6 {[%emt 0:00:46]} 40. Qe3 {[%emt 0:00:12]} Qe7 {[%emt 0:00:57]} 41. Rh5 {[%emt 0:30:56]} e5 {[%emt 0:30:30]} 42. Qe4 {[%emt 0:00:00]} Qa7 {[%emt 0:00:00]} 43. Rh3 {[%emt 0:00:00]} c4 {[%emt 0:00:00]} 44. Qc6 {[%emt 0:00:00]} Kg7 {[%emt 0:00:00]} 45. Rf3 {[%emt 0:00:00]} Nf4 {[%emt 0:00:00]} 46. g3 {[%emt 0:00:00]} Ng6 {[%emt 0:00:00]} 47. Rf6 {[%emt 0:00:00]} Qe7 {[%emt 0:00:00]} 48. Rd6 {[%emt 0:00:00]} Kh6 {[%emt 0:00:00]} 49. Rd7 {[%emt 0:00:00]} Qa3 {[%emt 0:00:00]} 50. Qh1+ {[%emt 0:00:17]} Kg5 {[%emt 0:00:00]} 51. Qe4 {[%emt 0:00:16]} Kh6 {[%emt 0:00:00]} 52. Kg2 {[%emt 0:01:54]} a5 {[%emt 0:00:00]} 53. Qf5 {[%emt 0:01:38]} Qc3 {[%emt 0:00:00]} 54. Rf7 {[%emt 0:00:54]} 1-0